Tập tục và nghi lễ dâng hương

محفوظ في:
التفاصيل البيبلوغرافية
المؤلف الرئيسي: Thích Thanh Duệ
التنسيق: كتاب
اللغة:Undetermined
منشور في: Hà Nội Văn hoá dân tộc 2004
الموضوعات:
الوسوم: إضافة وسم
لا توجد وسوم, كن أول من يضع وسما على هذه التسجيلة!
Thư viện lưu trữ: Trung tâm Học liệu Trường Đại học Cần Thơ
LEADER 00582nam a2200193Ia 4500
001 CTU_64472
008 210402s9999 xx 000 0 und d
020 |b 30000 
082 |a 294.3 
082 |b Th302 
100 |a Thích Thanh Duệ 
245 0 |a Tập tục và nghi lễ dâng hương 
245 0 |c Thích Thanh Duệ, Quang Tuệ, Tuệ Nhã 
260 |a Hà Nội 
260 |b Văn hoá dân tộc 
260 |c 2004 
650 |a Buddhism 
904 |i Tuyến (Nguyên sửa) 
980 |a Trung tâm Học liệu Trường Đại học Cần Thơ